Bilanzierung von Leasingverhältnissen nach IFRS 16 im Vergleich zur Leasingbilanzierung nach slowakischem Recht diplomová práca

Guardado en:
Detalles Bibliográficos
Autor principal: Semešová, Dominika
Autor Corporativo: Ekonomická univerzita v Bratislave. Fakulta hospodárskej informatiky
Otros Autores: Ebeling, Ralf
Formato: Libro
Lenguaje:alemán
Publicado: Bratislava 2016
Etiquetas: Agregar Etiqueta
Sin Etiquetas, Sea el primero en etiquetar este registro!

MARC

LEADER 00000nbm a2200000 4500
001 0226792
005 20240913092222.3
041 0 |a ger 
044 |a SK 
245 1 0 |a Bilanzierung von Leasingverhältnissen nach IFRS 16 im Vergleich zur Leasingbilanzierung nach slowakischem Recht  |b diplomová práca  |c Dominika Semešová ; školiteľ: Ralf Ebeling 
264 1 |a Bratislava  |c 2016 
300 |a 64 s. 
100 1 |a Semešová, Dominika 
700 1 |a Ebeling, Ralf 
710 2 |a Ekonomická univerzita v Bratislave. Fakulta hospodárskej informatiky